000 00444nam a2200181Ia 4500
001 23119
005 20260414150916.0
008 260414t2016||||xx |||||||||||||| ||spa||
041 _aESP
082 _a624.1834
_bW943
100 _aWight, James K.
_eAUT
245 0 _aReinforced concrete :
_bmechanics and design
260 _c2016
300 _axix, 1144 páginas :
_c26 cm.
650 _a0
654 _aCIC
942 _cLIB
_dJUS
_fJUS
_2ddc
_n
999 _c23119
_d23119